Comprensión de la lectura (Record no. 144926)

MARC details
000 -LEADER
campo de control de longitud fija 00664nam a2200181 4500
001 - NÚMERO DE CONTROL
campo de control 144926
003 - IDENTIFICADOR DE NÚMERO DE CONTROL
campo de control ES-MaACL
007 - CAMPO FIJO DE DESCRIPCIÓN FÍSICA--INFORMACIÓN GENERAL
campo de control de longitud fija t|
008 - DATOS DE LONGITUD FIJA--INFORMACIÓN GENERAL
campo de control de longitud fija 070214s1983 mx r ||||1| spa d
100 1# - ENTRADA PRINCIPAL--NOMBRE DE PERSONA
Nombre de persona Smith, Frank.
9 (RLIN) 106869
245 10 - MENCIÓN DEL TÍTULO
Título Comprensión de la lectura
Resto del título : análisis psicolingüístico de la lectura y su aprendizaje /
Mención de responsabilidad, etc. Frank Smith ; [traducción: Mario Sandoval Pineda ; revisión técnica: Sara Gómez de Ardila].
250 ## - MENCION DE EDICION
Mención de edición 1ª ed.
260 ## - PUBLICACIÓN, DISTRIBUCIÓN, ETC.
Lugar de publicación, distribución, etc. México :
Nombre del editor, distribuidor, etc. Trillas,
Fecha de publicación, distribución, etc. 1983 (
Fabricante Ingramex)
300 ## - DESCRIPCIÓN FÍSICA
Extensión 272 p. ;
Dimensiones 23 cm.
700 1# - ENTRADA AGREGADA--NOMBRE PERSONAL
Nombre de persona Sandoval Pineda, Mario.
9 (RLIN) 103115
700 1# - ENTRADA AGREGADA--NOMBRE PERSONAL
Nombre de persona Gómez de Ardila, Sara.
9 (RLIN) 57882
852 ## - LOCALIZACIÓN
Ubicación ES-MaACL
Número de control de estantería L-5280
Sublocalización o colección R.105790
Holdings
Estatus retirado Estado de pérdida Estado de daño No para préstamo Biblioteca de origen Biblioteca actual Ubicación en estantería Fecha de adquisición Fuente de adquisición Total de préstamos Signatura topográfica completa Código de barras Visto por última vez Precio de reemplazo Tipo de ítem Koha
        Biblioteca del Ateneo de Madrid Biblioteca del Ateneo de Madrid Depósito 2 17/01/2008     L-5280 1151221 23/02/2023 23/02/2023 Libro impreso